THE SECRETS OF FASHION DRAWING (Record no. 17254)

MARC details
000 -LEADER
fixed length control field 00299nam a22001337a 4500
003 - CONTROL NUMBER IDENTIFIER
control field SGT
020 ## - INTERNATIONAL STANDARD BOOK NUMBER
International Standard Book Number 9788-1-78212-641-6
082 ## - DEWEY DECIMAL CLASSIFICATION NUMBER
Classification number 746.92
Item number T14C
100 ## - MAIN ENTRY--PERSONAL NAME
Personal name CHAPMAN, NOEL
245 ## - TITLE STATEMENT
Title THE SECRETS OF FASHION DRAWING
260 ## - PUBLICATION, DISTRIBUTION, ETC. (IMPRINT)
Place of publication, distribution, etc LONDON
Name of publisher, distributor, etc ACCTURUS
Year of Publication 2014
300 ## - PAGE DESCRIPTION
No. of Pages 160
942 ## - ADDED ENTRY ELEMENTS (KOHA)
Source of classification or shelving scheme Dewey Decimal Classification
Koha item type Books
Holdings
Withdrawn status Lost status Source of classification or shelving scheme Damaged status Not for loan Home library Current library Shelving location Date acquired Vendor Name Cost, normal purchase price SGTU Bill Number Total Checkouts Full call number Accession No. (Barcode) Checked out Date last seen Date last borrowed Bill Date Koha item type
  Long Overdue (Lost) Dewey Decimal Classification     SGT Science & Social Sciences Library SGT Science & Social Sciences Library Reference Book 01/04/2019 PANKAJ PUB. 1234.05 SGTU 43321 1 746.92 T14C FF653 21/03/2020 07/03/2020 07/03/2020 07/03/2019 Books